[Event "Südlohner SV 2 - SC Falke Saerbeck 1"]
[Site "Verbandsliga 2019/2020"]
[Date "2020.02.22"]
[Round "7.1"]
[White "Vos, Thomas"]
[Black "Teloeken, Daniel"]
[Result "1-0"]
[WhiteElo "2084"]
[BlackElo "1943"]
[PlyCount "55"]
[EventDate "2020.??.??"]
[SourceDate "2019.09.14"]

1. Nf3 c5 2. e3 Nc6 3. c4 Nf6 4. b3 g6 5. Bb2 Bg7 6. Be2 O-O 7. d4 cxd4 8. exd4
d5 9. h3 Bf5 10. Nc3 Rc8 11. O-O dxc4 12. bxc4 Ne4 13. Nd5 Na5 14. Qa4 Re8 15.
Ne3 Bd7 16. Qc2 Nd6 17. c5 Nf5 18. Rad1 Nxe3 19. fxe3 Be6 20. Ba3 Qd5 21. Bb5
Red8 22. Qa4 Nc6 23. Rd2 Bh6 24. Re2 Qe4 25. Bc1 a6 26. Bc4 b5 27. cxb6 Nxd4
28. exd4 1-0

[Event "Südlohner SV 2 - SC Falke Saerbeck 1"]
[Site "Verbandsliga 2019/2020"]
[Date "2020.02.22"]
[Round "7.2"]
[White "Emming, Benedikt"]
[Black "Hegemann, Eike"]
[Result "1/2-1/2"]
[WhiteElo "1831"]
[BlackElo "1962"]
[PlyCount "89"]
[EventDate "2020.??.??"]
[SourceDate "2019.09.14"]

1. e4 c5 2. Nf3 d6 3. d4 cxd4 4. Nxd4 Nf6 5. Nc3 a6 6. Be3 Ng4 7. Qd2 Nxe3 8.
Qxe3 g6 9. Be2 Bg7 10. Nf3 Nc6 11. O-O O-O 12. Rab1 Qa5 13. a3 Bg4 14. Nd5 Bxf3
15. Bxf3 e6 16. b4 Qd8 17. Nf4 Rc8 18. c3 Bh6 19. Nxe6 Qh4 20. g3 Bxe3 21. gxh4
fxe6 22. fxe3 Ne5 23. Be2 Rxc3 24. Rbd1 Rxe3 25. Rxf8+ Kxf8 26. Kf2 Rxe4 27.
Rxd6 Rxh4 28. Rxe6 Rxh2+ 29. Ke3 Rh3+ 30. Kf4 Nd7 31. Bg4 Rd3 32. Ke4 Rxa3 33.
Rd6 Ra4 34. Rxd7 Rxb4+ 35. Kf3 h5 36. Be6 Rb6 37. Bd5 Rf6+ 38. Kg3 b6 39. Kh4
Ke8 40. Rg7 Rd6 41. Ba2 Kd8 42. Bb1 Rd7 43. Rxg6 Kc7 44. Kxh5 Rd1 45. Be4
1/2-1/2

[Event "Südlohner SV 2 - SC Falke Saerbeck 1"]
[Site "Verbandsliga 2019/2020"]
[Date "2020.02.22"]
[Round "7.3"]
[White "Kipp, Lucas"]
[Black "Sparwel, Oliver"]
[Result "0-1"]
[WhiteElo "1926"]
[BlackElo "1945"]
[PlyCount "42"]
[EventDate "2020.??.??"]
[SourceDate "2019.09.14"]

1. e4 d6 2. d4 Nf6 3. Nc3 g6 4. Bg5 Bg7 5. Qd2 Nbd7 6. O-O-O c5 7. dxc5 Nxc5 8.
f3 Be6 9. e5 dxe5 10. Bb5+ Nfd7 11. Nd5 f6 12. Be3 Kf7 13. Ne2 a6 14. Bc4 b5
15. Nc7 Bxc4 16. Nxa8 Qxa8 17. b4 Na4 18. Qxd7 Bxe2 19. Rd2 Bc4 20. Bc5 Nxc5
21. bxc5 Bh6 0-1

[Event "Südlohner SV 2 - SC Falke Saerbeck 1"]
[Site "Verbandsliga 2019/2020"]
[Date "2020.02.22"]
[Round "7.4"]
[White "Schmeing, Walter"]
[Black "Fischer, Andreas"]
[Result "1/2-1/2"]
[WhiteElo "1964"]
[BlackElo "1889"]
[PlyCount "33"]
[EventDate "2020.??.??"]
[SourceDate "2019.09.14"]

1. e4 e5 2. Nf3 Nf6 3. Nxe5 d6 4. Nf3 Nxe4 5. d4 d5 6. Bd3 Bd6 7. Nc3 Nxc3 8.
bxc3 Bg4 9. O-O O-O 10. Re1 Nd7 11. h3 Bh5 12. Be2 h6 13. c4 Bb4 14. Bd2 Bxd2
15. Nxd2 Bxe2 16. Qxe2 Nf6 17. c5 1/2-1/2

[Event "Südlohner SV 2 - SC Falke Saerbeck 1"]
[Site "Verbandsliga 2019/2020"]
[Date "2020.02.22"]
[Round "7.5"]
[White "Fayazi, Shahriar"]
[Black "Harbers, Gerard"]
[Result "1-0"]
[WhiteElo "1889"]
[BlackElo "1876"]
[PlyCount "83"]
[EventDate "2020.??.??"]
[SourceDate "2019.09.14"]

1. c4 e5 2. g3 Nf6 3. Bg2 d5 4. cxd5 Nxd5 5. Nf3 Nc6 6. O-O Be7 7. d4 exd4 8.
Nxd4 Nxd4 9. Qxd4 Nf6 10. Qa4+ c6 11. Nc3 O-O 12. a3 Be6 13. Rd1 Qb6 14. b4 Ng4
15. e3 Bf6 16. Qc2 Rfd8 17. Bb2 Rxd1+ 18. Rxd1 Rd8 19. Rxd8+ Qxd8 20. h3 Nh6
21. g4 Bc4 22. Be4 g6 23. Nd1 Bxb2 24. Nxb2 Be6 25. Nd3 Qf6 26. Nf4 Qe5 27. Qd3
Kg7 28. Qd4 Qxd4 29. Nxe6+ fxe6 30. exd4 g5 31. Kf1 Ng8 32. Ke2 Nf6 33. Bg2 Nd5
34. Bxd5 cxd5 35. f4 h6 36. Kf3 b5 37. Kg3 Kf6 38. h4 Kg6 39. fxg5 hxg5 40.
hxg5 Kxg5 41. Kf3 a6 42. Kg3 1-0

[Event "Südlohner SV 2 - SC Falke Saerbeck 1"]
[Site "Verbandsliga 2019/2020"]
[Date "2020.02.22"]
[Round "7.6"]
[White "Boecker, Manfred"]
[Black "Bartsch, Jan"]
[Result "1/2-1/2"]
[WhiteElo "1820"]
[BlackElo "1788"]
[PlyCount "29"]
[EventDate "2020.??.??"]
[SourceDate "2019.09.14"]

1. d4 d5 2. Nf3 Nf6 3. c4 c6 4. cxd5 cxd5 5. Nc3 Nc6 6. h3 e6 7. e3 Bd6 8. a3
O-O 9. Bd3 a6 10. O-O Re8 11. Re1 Bd7 12. e4 dxe4 13. Nxe4 Be7 14. Nc3 h6 15.
Be3 1/2-1/2

[Event "Südlohner SV 2 - SC Falke Saerbeck 1"]
[Site "Verbandsliga 2019/2020"]
[Date "2020.02.22"]
[Round "7.7"]
[White "Hoge, Reinhard"]
[Black "Teloeken, Stefan"]
[Result "1/2-1/2"]
[WhiteElo "1878"]
[BlackElo "1803"]
[PlyCount "64"]
[EventDate "2020.??.??"]
[SourceDate "2019.09.14"]

1. c4 Nf6 2. g3 g6 3. Bg2 Bg7 4. Nc3 c5 5. Nf3 Nc6 6. O-O O-O 7. d4 cxd4 8.
Nxd4 Nxd4 9. Qxd4 d6 10. Qd3 Nd7 11. Be3 Ne5 12. Qe4 Nc6 13. Rfd1 Bf5 14. Qh4
Bd7 15. Bh6 Re8 16. Bxg7 Kxg7 17. Rd2 Qa5 18. Rd5 Qc7 19. Rad1 Be6 20. R5d2 Qa5
21. a3 Qf5 22. Nd5 Rac8 23. Nf4 Nd8 24. Nxe6+ Qxe6 25. b3 b6 26. Bh3 f5 27. g4
Rc5 28. g5 Nf7 29. Bg2 Qe5 30. e3 h6 31. gxh6+ Nxh6 32. Qd4 Ng4 1/2-1/2

[Event "Südlohner SV 2 - SC Falke Saerbeck 1"]
[Site "Verbandsliga 2019/2020"]
[Date "2020.02.22"]
[Round "7.8"]
[White "Schlattmann, Martin"]
[Black "Waltermann, Jens"]
[Result "0-1"]
[WhiteElo "1731"]
[BlackElo "1793"]
[PlyCount "92"]
[EventDate "2020.??.??"]
[SourceDate "2019.09.14"]

1. e4 g6 2. d4 Bg7 3. f4 d5 4. e5 h5 5. Nf3 Nh6 6. c3 c6 7. Be2 Bf5 8. O-O Nd7
9. Na3 e6 10. Nc2 Qc7 11. Ne3 O-O-O 12. a4 Bf8 13. b4 Be7 14. b5 Nb8 15. bxc6
Nxc6 16. Ba3 Bxa3 17. Rxa3 Kd7 18. Bb5 Ke7 19. Qb3 Kf8 20. Bxc6 bxc6 21. Nxf5
Nxf5 22. Rb1 Kg7 23. Qc2 Rb8 24. Rab3 Rxb3 25. Qxb3 Rc8 26. Kf2 c5 27. h3 cxd4
28. cxd4 Qc2+ 29. Kg1 Qe4 30. Ng5 Qxd4+ 31. Kh1 Qc5 32. Qb7 Qc7 33. Qa6 Rb8 34.
Rxb8 Qxb8 35. Qc6 Qb1+ 36. Kh2 Qb4 37. Nxe6+ fxe6 38. Qxe6 Qxf4+ 39. Kg1 Ne3
40. Qe7+ Kh6 41. Qf6 Qxf6 42. exf6 g5 43. Kf2 Nf5 44. g4 hxg4 45. hxg4 Nd4 46.
Ke3 Nc6 0-1

[Event "SF Telgte 1 - SK Gescher 1"]
[Site "Verbandsliga 2019/2020"]
[Date "2020.02.22"]
[Round "7.1"]
[White "Scho, Christian"]
[Black "Junker, Axel"]
[Result "1/2-1/2"]
[WhiteElo "2058"]
[BlackElo "1925"]
[PlyCount "47"]
[EventDate "2020.??.??"]
[SourceDate "2019.09.14"]

1. d4 Nf6 2. Bg5 e6 3. Nd2 h6 4. Bh4 d5 5. e3 Be7 6. Ngf3 Nbd7 7. Bd3 b6 8. c3
Bb7 9. Qb1 c5 10. b4 c4 11. Bc2 b5 12. a4 a6 13. axb5 axb5 14. Rxa8 Qxa8 15.
Qb2 Ne4 16. Bxe7 Kxe7 17. O-O Bc6 18. Ra1 Qb7 19. Ra5 Ra8 20. Qa3 f5 21. Nf1
Kf6 22. Ne1 Kf7 23. Nf3 Kf6 24. h3 1/2-1/2

[Event "SF Telgte 1 - SK Gescher 1"]
[Site "Verbandsliga 2019/2020"]
[Date "2020.02.22"]
[Round "7.2"]
[White "Lodde, Martin"]
[Black "Eissing, Christoph"]
[Result "0-1"]
[WhiteElo "1941"]
[BlackElo "2026"]
[PlyCount "66"]
[EventDate "2020.??.??"]
[SourceDate "2019.09.14"]

1. Nf3 Nf6 2. g3 g6 3. Bg2 Bg7 4. O-O O-O 5. d4 d6 6. Nc3 Nbd7 7. a4 a5 8. h3
c6 9. e4 e5 10. Re1 Qc7 11. Be3 exd4 12. Bxd4 Re8 13. Qd2 Ne5 14. Bxe5 dxe5 15.
Rad1 Nd7 16. Nh2 Qb6 17. b3 Bf8 18. Ne2 Nc5 19. Ng4 Bxg4 20. hxg4 Ne6 21. Rf1
Bc5 22. Nc1 Rad8 23. Nd3 Rd7 24. Kh2 Red8 25. Qc1 f6 26. Nxc5 Qxc5 27. Rxd7
Rxd7 28. Bf3 Nd4 29. Bd1 Nxb3 30. Qe3 Qxe3 31. fxe3 Nc5 32. Kh3 Nxe4 33. g5
Rxd1 0-1

[Event "SF Telgte 1 - SK Gescher 1"]
[Site "Verbandsliga 2019/2020"]
[Date "2020.02.22"]
[Round "7.3"]
[White "Lanfer, Stefanie"]
[Black "Kuhlenbaeumer, Alfred"]
[Result "1/2-1/2"]
[WhiteElo "1882"]
[BlackElo "1811"]
[PlyCount "82"]
[EventDate "2020.??.??"]
[SourceDate "2019.09.14"]

1. e4 e5 2. d4 Nc6 3. d5 Nce7 4. c4 Nf6 5. Nc3 Ng6 6. Bd3 Bc5 7. Bg5 h6 8. Bd2
O-O 9. Nf3 Re8 10. O-O d6 11. Na4 Bb6 12. Nxb6 axb6 13. h3 Nh5 14. Re1 Nhf4 15.
Bf1 Qf6 16. Qb3 Bd7 17. Qc3 Nf8 18. Bxf4 Qxf4 19. Qe3 Qf6 20. a3 Ra7 21. Nh2
Qg6 22. Be2 Rea8 23. Rac1 Nh7 24. Bg4 f5 25. exf5 Bxf5 26. Bxf5 Qxf5 27. Qf3
Rf8 28. Qxf5 Rxf5 29. Re3 Rf4 30. g3 Rf6 31. Rf3 Ng5 32. Rxf6 gxf6 33. Kg2 Ra4
34. Ng4 Kg7 35. Ne3 Kg6 36. f3 f5 37. h4 Nf7 38. g4 f4 39. Nf1 Kf6 40. Nd2 Ke7
41. Ne4 Ra5 1/2-1/2

[Event "SF Telgte 1 - SK Gescher 1"]
[Site "Verbandsliga 2019/2020"]
[Date "2020.02.22"]
[Round "7.4"]
[White "Pohl, Detlev"]
[Black "Brands, Julian"]
[Result "1/2-1/2"]
[WhiteElo "1798"]
[BlackElo "1736"]
[PlyCount "111"]
[EventDate "2020.??.??"]
[SourceDate "2019.09.14"]

1. e4 c5 2. a3 g6 3. c3 Bg7 4. d4 cxd4 5. cxd4 d6 6. h3 Nf6 7. Nc3 O-O 8. Be3
Nc6 9. Nf3 a6 10. Qd2 b5 11. b4 Bb7 12. Bd3 Rc8 13. O-O Qd7 14. Rfc1 Rfd8 15.
Rab1 Rc7 16. Qa2 Rdc8 17. Ne2 Nd8 18. d5 e6 19. dxe6 Qxe6 20. Qxe6 Nxe6 21. Ng3
Rc3 22. Rxc3 Rxc3 23. Rd1 Rxa3 24. e5 Bxf3 25. gxf3 dxe5 26. Ne4 Nxe4 27. Bxe4
Nd4 28. f4 Ne6 29. f5 Nd4 30. fxg6 hxg6 31. Bb7 Kf8 32. Kg2 Ke7 33. Rc1 Ne6 34.
Rc8 a5 35. bxa5 Rxa5 36. Rb8 Nd4 37. Bxd4 exd4 38. Bc6 Kd6 39. Rxb5 Rxb5 40.
Bxb5 f6 41. Kf3 Ke5 42. Bd3 f5 43. Bc4 g5 44. Bd3 Bf8 45. Bc2 Bb4 46. Bd3 Be7
47. Bc2 f4 48. Bd3 Bf6 49. Bc4 Be7 50. Bd3 Kd5 51. Ke2 Bd6 52. f3 Bb4 53. Ba6
Ba3 54. Kd3 Bc1 55. Bc8 Be3 56. Bg4 1/2-1/2

[Event "SF Telgte 1 - SK Gescher 1"]
[Site "Verbandsliga 2019/2020"]
[Date "2020.02.22"]
[Round "7.5"]
[White "Priebs, Ludger"]
[Black "Pohl, Tim"]
[Result "1/2-1/2"]
[WhiteElo "1758"]
[BlackElo "1865"]
[PlyCount "82"]
[EventDate "2020.??.??"]
[SourceDate "2019.09.14"]

1. Nf3 f5 2. d4 Nf6 3. Bg5 e6 4. c4 Be7 5. Nc3 b6 6. e3 Bb7 7. Be2 O-O 8. O-O
Ne4 9. Bxe7 Qxe7 10. Nxe4 fxe4 11. Nd2 d5 12. Qc2 Na6 13. a3 Qg5 14. b4 Rac8
15. b5 Nb8 16. c5 c6 17. Qa4 bxc5 18. Qxa7 cxd4 19. Qxd4 c5 20. Qc3 e5 21. f4
exf4 22. Rxf4 Rxf4 23. exf4 Qxf4 24. Rf1 Qg5 25. Qh3 Re8 26. Nb3 Qe7 27. Qf5
Nd7 28. Rc1 Rf8 29. Qh3 c4 30. Nd4 Nc5 31. Qe3 Ne6 32. Nxe6 Qxe6 33. Qd4 Ra8
34. Rxc4 Rxa3 35. Rc7 Ra1+ 36. Bf1 Qf6 37. Qxf6 gxf6 38. Rxb7 e3 39. Re7 d4 40.
g3 Kf8 41. Re4 d3 1/2-1/2

[Event "SF Telgte 1 - SK Gescher 1"]
[Site "Verbandsliga 2019/2020"]
[Date "2020.02.22"]
[Round "7.6"]
[White "Esser, Peter"]
[Black "Iking, Bernhard"]
[Result "1-0"]
[WhiteElo "1733"]
[BlackElo "1748"]
[PlyCount "155"]
[EventDate "2020.??.??"]
[SourceDate "2019.09.14"]

1. d4 Nf6 2. c4 e5 3. dxe5 Ng4 4. Bf4 Nc6 5. Nf3 Bb4+ 6. Nc3 Qe7 7. Qd5 f6 8.
exf6 Nxf6 9. Qd3 O-O 10. e3 Bxc3+ 11. bxc3 d6 12. Be2 Ne4 13. Nd4 Nc5 14. Qc2
Bd7 15. O-O Rae8 16. Bg3 Ne5 17. f3 a6 18. e4 Qf7 19. Nb3 Ba4 20. Rab1 Nxc4 21.
Bxc4 Qxc4 22. Rfd1 Qf7 23. c4 b6 24. Qc3 Nd7 25. Rd2 Ne5 26. Rc1 Bd7 27. Nd4
Qf6 28. Nc2 Qh6 29. Rf1 Kh8 30. Ne3 Be6 31. Rc2 Qg6 32. Nd5 Qf7 33. Ne3 Nd7 34.
Nd5 Nc5 35. Bf2 Kg8 36. Rd1 Bd7 37. Rdd2 Ba4 38. Rc1 Bc6 39. Qa3 a5 40. Bxc5
dxc5 41. Qc3 Bxd5 42. cxd5 Qf6 43. Qxf6 Rxf6 44. a4 Rd6 45. Rcd1 Kf7 46. Kf2 c6
47. dxc6 Rxc6 48. Rd7+ Re7 49. Ke3 Ke6 50. Rxe7+ Kxe7 51. e5 c4 52. Rc1 Ke6 53.
Kd4 Rc5 54. Rxc4 Rd5+ 55. Kc3 Kxe5 56. Rc7 b5 57. axb5 Rxb5 58. Rxg7 Rc5+ 59.
Kb3 h6 60. Rg6 Kf4 61. Rxh6 Rg5 62. Rh4+ Ke3 63. Rg4 Rh5 64. h3 Kf2 65. Ka4 Ke3
66. f4 Rf5 67. g3 Rh5 68. h4 Kf3 69. Rg5 Rh8 70. Kxa5 Rb8 71. Rg6 Rb7 72. h5
Rh7 73. h6 Ke4 74. Kb6 Kf5 75. Rg5+ Kf6 76. Rh5 Kg6 77. g4 Rf7 78. h7 1-0

[Event "SF Telgte 1 - SK Gescher 1"]
[Site "Verbandsliga 2019/2020"]
[Date "2020.02.22"]
[Round "7.7"]
[White "Frieske, Hilmar"]
[Black "Rex, Dieter"]
[Result "0-1"]
[WhiteElo "1728"]
[BlackElo "1710"]
[PlyCount "122"]
[EventDate "2020.??.??"]
[SourceDate "2019.09.14"]

1. e4 c5 2. Nf3 d6 3. Bc4 e6 4. d4 cxd4 5. Nxd4 Nf6 6. Nc3 a6 7. Bd3 Be7 8. O-O
O-O 9. Be3 Nbd7 10. Nf3 Qc7 11. Ne2 b5 12. Rc1 Bb7 13. c4 b4 14. Ng3 Nc5 15.
Qc2 Rac8 16. b3 Rfd8 17. Bf4 h6 18. Rce1 Nfd7 19. Qd2 Ne5 20. Bc2 Nxf3+ 21.
gxf3 a5 22. Nh5 g5 23. Be3 e5 24. h4 Ne6 25. Kh2 Kh7 26. Rg1 Rg8 27. Ng3 Nf4
28. Bxf4 gxf4 29. Nf5 Rg6 30. Rg4 h5 31. Rgg1 Rcg8 32. Qd1 Bc8 33. Qd5 Be6 34.
Qd1 Qd8 35. Rxg6 Rxg6 36. Rg1 Bf8 37. Kh3 Qf6 38. Qf1 Be7 39. Kh2 Bxf5 40. exf5
Rxg1 41. Kxg1 Kh6 42. Qd3 Bd8 43. Kg2 Bb6 44. Qd5 Bc5 45. Qa8 Kg7 46. Qe4 Qxh4
47. Qe1 Kf6 48. Qg1 Qg5+ 49. Kf1 Qh6 50. Qg8 h4 51. Qd8+ Kg7 52. Qd7 h3 53. f6+
Qxf6 54. Qxh3 Qh6 55. Qg4+ Kf6 56. Qf5+ Ke7 57. Ke2 Qh4 58. Qe4 Qxf2+ 59. Kd3
Be3 60. Qb7+ Kf6 61. c5 Qd2+ 0-1

[Event "SF Telgte 1 - SK Gescher 1"]
[Site "Verbandsliga 2019/2020"]
[Date "2020.02.22"]
[Round "7.8"]
[White "Schenke, Conrad"]
[Black "Robers, Frank"]
[Result "0-1"]
[WhiteElo "1669"]
[BlackElo "1644"]
[PlyCount "90"]
[EventDate "2020.??.??"]
[SourceDate "2019.09.14"]

1. e4 c5 2. Nc3 d6 3. Nf3 Nf6 4. d4 cxd4 5. Nxd4 a6 6. Be2 g6 7. Be3 Bg7 8. O-O
O-O 9. h3 Bd7 10. Qd2 Nc6 11. Nb3 Rc8 12. Rfd1 b5 13. a3 Re8 14. Bd3 Be6 15.
Nd4 Nxd4 16. Bxd4 Bc4 17. Qe2 Qc7 18. Rac1 Qb7 19. b3 Be6 20. Qe3 Nd7 21. Bxg7
Kxg7 22. Qd4+ Kg8 23. Be2 Qb6 24. Nd5 Qxd4 25. Rxd4 Bxd5 26. exd5 Rc3 27. Rd3
Rec8 28. Re3 Kf8 29. Bd1 Nf6 30. Rxc3 Rxc3 31. Bf3 a5 32. Kf1 b4 33. Ra1 Rc5
34. axb4 axb4 35. Ra4 Rxc2 36. Rxb4 Nd7 37. Ke1 Nc5 38. Rc4 Rb2 39. Rc3 Rxb3
40. Kd2 Rb2+ 41. Ke3 Kg7 42. Rc4 f5 43. g4 Kf6 44. h4 Ke5 45. g5 f4+ 0-1

[Event "SF Beelen 1 - SF Olfen 1"]
[Site "Verbandsliga 2019/2020"]
[Date "2020.02.22"]
[Round "7.1"]
[White "Koke, Christoph"]
[Black "Hofene, Dieter"]
[Result "1/2-1/2"]
[WhiteElo "2109"]
[BlackElo "2006"]
[PlyCount "71"]
[EventDate "2020.??.??"]
[SourceDate "2019.09.14"]

1. d4 Nf6 2. Nf3 e6 3. c4 Bb4+ 4. Bd2 Qe7 5. Nc3 O-O 6. g3 d6 7. Bg2 Bxc3 8.
Bxc3 Ne4 9. Rc1 Nxc3 10. Rxc3 a5 11. c5 Na6 12. cxd6 cxd6 13. O-O Nb4 14. Qb3
Nd5 15. Rc2 a4 16. Qa3 b5 17. b4 Bb7 18. Rfc1 Rac8 19. Nd2 Nb6 20. Qd3 Bxg2 21.
Kxg2 Qb7+ 22. f3 Rxc2 23. Rxc2 Qd7 24. a3 Rd8 25. Kf2 f6 26. Kg2 d5 27. Rc5 Nc4
28. f4 Rc8 29. Qc3 Qb7 30. Kf2 Rd8 31. Nf3 Qb8 32. e3 Nd6 33. Nd2 Nc4 34. Nf3
Nd6 35. Nd2 Nc4 36. Nf3 1/2-1/2

[Event "SF Beelen 1 - SF Olfen 1"]
[Site "Verbandsliga 2019/2020"]
[Date "2020.02.22"]
[Round "7.2"]
[White "Hanewinkel, Winfried"]
[Black "Boesel, Alexander"]
[Result "1/2-1/2"]
[WhiteElo "1914"]
[BlackElo "2068"]
[PlyCount "61"]
[EventDate "2020.??.??"]
[SourceDate "2019.09.14"]

1. d4 Nf6 2. c4 e6 3. Nf3 Bb4+ 4. Nbd2 O-O 5. a3 Bxd2+ 6. Bxd2 d6 7. Bg5 Nc6 8.
e3 e5 9. Be2 Qe7 10. O-O Bg4 11. d5 Nb8 12. Nd2 Bxe2 13. Qxe2 h6 14. Bxf6 Qxf6
15. b4 Nd7 16. e4 Qg5 17. Nf3 Qh5 18. Nd4 Qxe2 19. Nxe2 f5 20. f3 a5 21. Nc3
fxe4 22. Nxe4 Nb6 23. Rac1 axb4 24. axb4 Ra4 25. c5 Nxd5 26. cxd6 cxd6 27. Nxd6
Rxb4 28. Rb1 b6 29. Rxb4 Nxb4 30. Rb1 Rd8 31. Nc4 1/2-1/2

[Event "SF Beelen 1 - SF Olfen 1"]
[Site "Verbandsliga 2019/2020"]
[Date "2020.02.22"]
[Round "7.3"]
[White "Grawunder, Juergen"]
[Black "Hanewinkel, Martin"]
[Result "1-0"]
[WhiteElo "1907"]
[BlackElo "1853"]
[PlyCount "71"]
[EventDate "2020.??.??"]
[SourceDate "2019.09.14"]

1. b4 e6 2. Bb2 d5 3. e3 Nf6 4. a3 c5 5. bxc5 Bxc5 6. Nf3 Nbd7 7. Be2 Qc7 8. d4
Bd6 9. Nbd2 Nb6 10. O-O Na4 11. Qb1 Bd7 12. c4 Ne4 13. c5 Bxh2+ 14. Kh1 Bg3 15.
Nxe4 dxe4 16. Nd2 f5 17. fxg3 Qxg3 18. Nc4 O-O 19. Qe1 Qg5 20. Bc1 Rf6 21. Ne5
Be8 22. Rb1 Bh5 23. Bb5 Rh6 24. Kg1 Bd1 25. Bxa4 Bxa4 26. Rxb7 Rf8 27. Qb4 Be8
28. c6 Qh4 29. Qe7 Qg3 30. c7 Qh2+ 31. Kf2 f4 32. Qxf8+ Kxf8 33. exf4 Qh4+ 34.
Ke2 Qg3 35. c8=Q Rh2 36. Rf7+ 1-0

[Event "SF Beelen 1 - SF Olfen 1"]
[Site "Verbandsliga 2019/2020"]
[Date "2020.02.22"]
[Round "7.4"]
[White "Hanewinkel, Christian"]
[Black "Pinno, Gregor"]
[Result "0-1"]
[WhiteElo "1803"]
[BlackElo "1890"]
[PlyCount "74"]
[EventDate "2020.??.??"]
[SourceDate "2019.09.14"]

1. e4 d6 2. d4 Nf6 3. Nc3 Nbd7 4. Bc4 e5 5. Be3 c6 6. Nf3 Be7 7. h3 Qc7 8. a4
a5 9. Qe2 h6 10. Rd1 Nf8 11. Nh4 g6 12. Qd2 Nh5 13. Nf3 g5 14. dxe5 dxe5 15.
Nxe5 Ne6 16. Ng4 Nhf4 17. Bxf4 Qxf4 18. Ne3 Bf6 19. Ne2 Qxe4 20. f3 Qe5 21. c3
Nf4 22. O-O O-O 23. Nd4 Rd8 24. Qe1 Qc5 25. Nb3 Qe5 26. Qf2 Bxh3 27. Rde1 Qc7
28. g3 Bxf1 29. Bxf1 Nd5 30. Nf5 Bg7 31. Nbd4 Bf8 32. Qh2 Re8 33. Be2 Ne3 34.
Nxe3 Rxe3 35. Nf5 Re6 36. Rf1 Qb6+ 37. Nd4 Bc5 0-1

[Event "SF Beelen 1 - SF Olfen 1"]
[Site "Verbandsliga 2019/2020"]
[Date "2020.02.22"]
[Round "7.5"]
[White "Preuss, Richard"]
[Black "Cigelski, Rudolf"]
[Result "1/2-1/2"]
[WhiteElo "1733"]
[BlackElo "1757"]
[PlyCount "35"]
[EventDate "2020.??.??"]
[SourceDate "2019.09.14"]

1. e4 e6 2. Nf3 c5 3. d4 cxd4 4. Nxd4 b6 5. Be3 Bb7 6. Nd2 a6 7. f3 d6 8. a4
Nd7 9. N4b3 Ngf6 10. a5 d5 11. axb6 dxe4 12. Na5 Qb8 13. Nxb7 Qxb7 14. fxe4
Nxb6 15. Qf3 Be7 16. Bxb6 Qxb6 17. Nc4 Qc6 18. Bd3 1/2-1/2

[Event "SF Beelen 1 - SF Olfen 1"]
[Site "Verbandsliga 2019/2020"]
[Date "2020.02.22"]
[Round "7.6"]
[White "Fartmann, Franz Josef"]
[Black "Boenigk, Winfried"]
[Result "1-0"]
[WhiteElo "1796"]
[BlackElo "1760"]
[PlyCount "145"]
[EventDate "2020.??.??"]
[SourceDate "2019.09.14"]

1. Nf3 d6 2. g3 c5 3. Bg2 Nf6 4. O-O g6 5. d3 Bg7 6. e4 Nc6 7. Nc3 O-O 8. h3 a6
9. a4 Qc7 10. Bg5 e6 11. Qd2 Bd7 12. Bh6 Nd4 13. Bxg7 Kxg7 14. Kh2 Rac8 15. Ne2
Nxf3+ 16. Bxf3 d5 17. exd5 Nxd5 18. Nc3 Nxc3 19. Qxc3+ Kg8 20. Rfe1 Bc6 21.
Bxc6 Qxc6 22. Re4 Rcd8 23. Rc4 Rd5 24. a5 Rf5 25. Qd2 Qf3 26. Kg1 Rd8 27. Raa4
Re5 28. Rf4 Qe2 29. Qxe2 Rxe2 30. Rac4 Re5 31. Rfe4 Red5 32. Rc3 c4 33. Rexc4
Rxa5 34. Rb4 b5 35. Rc7 Ra1+ 36. Kg2 Ra2 37. b3 Kg7 38. Rf4 Rf8 39. Rd4 Kf6 40.
Kf3 g5 41. Ke3 Ra1 42. h4 h6 43. Rc5 Rg8 44. Rg4 Rg6 45. Ke2 Rh1 46. hxg5+ hxg5
47. Rd4 Rg8 48. Rd7 Ra1 49. Ra7 Rb8 50. Rcc7 Rf8 51. Rcb7 Rc1 52. Kd2 Rf1 53.
Ke3 Re1+ 54. Kd2 Rf1 55. Ke2 Rc1 56. Rc7 Ra1 57. Rc6 Rb8 58. Raxa6 Rxa6 59.
Rxa6 b4 60. Rc6 Rb7 61. Ke3 Kf5 62. Rc5+ e5 63. f3 Rb6 64. d4 f6 65. d5 g4 66.
fxg4+ Kxg4 67. Rc6 Rb5 68. Ke4 Kg5 69. g4 Rb8 70. d6 Kxg4 71. d7 Rd8 72. Rd6
Kg5 73. Kd5 1-0

[Event "SF Beelen 1 - SF Olfen 1"]
[Site "Verbandsliga 2019/2020"]
[Date "2020.02.22"]
[Round "7.7"]
[White "Heimann, Karsten"]
[Black "Austermann, Reinhold"]
[Result "0-1"]
[WhiteElo "1657"]
[BlackElo "1733"]
[PlyCount "78"]
[EventDate "2020.??.??"]
[SourceDate "2019.09.14"]

1. e4 c5 2. Nf3 d6 3. d4 cxd4 4. Nxd4 Nf6 5. Nc3 a6 6. Be2 b5 7. a3 Bb7 8. f3
e6 9. Be3 Be7 10. Qd3 Nbd7 11. Nb3 Qc7 12. f4 Nc5 13. Nxc5 dxc5 14. Bf3 Rd8 15.
Qe2 O-O 16. Bd2 b4 17. Nd1 Rd7 18. Nf2 Rfd8 19. Be3 c4 20. O-O bxa3 21. bxa3
Bc5 22. Kh1 Bxe3 23. Qxe3 e5 24. g3 Rd2 25. Rfc1 exf4 26. gxf4 Qe7 27. e5 Ne8
28. Ne4 Bxe4 29. Bxe4 f6 30. e6 Nc7 31. Qh3 g6 32. f5 g5 33. Qg3 R2d4 34. Re1
Nb5 35. Qe3 c3 36. Rg1 h6 37. h4 Kf8 38. hxg5 hxg5 39. Kg2 Rd2+ 0-1

[Event "SF Beelen 1 - SF Olfen 1"]
[Site "Verbandsliga 2019/2020"]
[Date "2020.02.22"]
[Round "7.8"]
[White "Beckmann, Frank"]
[Black "Limberg, Johannes"]
[Result "1/2-1/2"]
[WhiteElo "1741"]
[BlackElo "1553"]
[PlyCount "92"]
[EventDate "2020.??.??"]
[SourceDate "2019.09.14"]

1. d4 d5 2. Nf3 Nf6 3. Bf4 g6 4. e3 Bg7 5. c4 c6 6. Nc3 O-O 7. Bd3 Bg4 8. h3
Bxf3 9. Qxf3 dxc4 10. Bxc4 Nbd7 11. O-O Re8 12. Rfd1 Qb6 13. Qe2 e5 14. dxe5
Nxe5 15. Bxe5 Rxe5 16. Qc2 Qb4 17. Rd4 Qe7 18. Rad1 b5 19. Be2 b4 20. Na4 c5
21. Rc4 Bf8 22. Bf3 Rb8 23. b3 Nd7 24. Nb2 Nb6 25. Re4 Rxe4 26. Qxe4 Qxe4 27.
Bxe4 Be7 28. Kf1 Rd8 29. Rxd8+ Bxd8 30. Nd3 Be7 31. Bc6 f6 32. Nf4 Kf7 33. Bd5+
Nxd5 34. Nxd5 Ke6 35. Nxe7 Kxe7 36. Ke2 Kd6 37. Kd3 f5 38. Kc4 Kc6 39. f3 a6
40. e4 fxe4 41. fxe4 Kd6 42. e5+ Kxe5 43. Kxc5 Kf4 44. Kxb4 Kg3 45. Ka5 Kxg2
46. Kxa6 Kxh3 1/2-1/2

[Event "SK Königsspringer Nordwalde 1 - SV Ibbe"]
[Site "Verbandsliga 2019/2020"]
[Date "2020.02.22"]
[Round "7.1"]
[White "Welp, Michael"]
[Black "Lerke, Bernd"]
[Result "1/2-1/2"]
[WhiteElo "1887"]
[BlackElo "1884"]
[PlyCount "44"]
[EventDate "2020.??.??"]
[SourceDate "2019.09.14"]

1. d4 Nf6 2. c4 e6 3. Nf3 b6 4. g3 Bb7 5. Bg2 Be7 6. Nc3 d5 7. cxd5 exd5 8. O-O
O-O 9. Bf4 Re8 10. Rc1 c6 11. a3 Nh5 12. Bxb8 Rxb8 13. Ne5 Bd6 14. e4 Nf6 15.
exd5 cxd5 16. Re1 Rc8 17. Qb3 Bxe5 18. dxe5 Ne4 19. Nxe4 Rxc1 20. Nf6+ Qxf6 21.
Rxc1 Qxe5 22. Qa4 Qb8 1/2-1/2

[Event "SK Königsspringer Nordwalde 1 - SV Ibbe"]
[Site "Verbandsliga 2019/2020"]
[Date "2020.02.22"]
[Round "7.2"]
[White "Sandmann, Matthias"]
[Black "Kellmann, Dominik"]
[Result "1-0"]
[WhiteElo "1750"]
[BlackElo "1755"]
[PlyCount "110"]
[EventDate "2020.??.??"]
[SourceDate "2019.09.14"]

1. Nf3 Nf6 2. c4 b6 3. Nc3 Bb7 4. g3 e6 5. Bg2 Be7 6. O-O d6 7. d4 O-O 8. Re1
Nbd7 9. Qc2 c5 10. dxc5 bxc5 11. e4 Rb8 12. Bf4 e5 13. Bg5 Ne8 14. Bxe7 Qxe7
15. Rad1 Nb6 16. b3 g6 17. Re2 Ng7 18. Red2 Ne6 19. Nd5 Nxd5 20. exd5 Nd4 21.
Nxd4 cxd4 22. b4 Bc8 23. Qa4 Bf5 24. a3 Rfc8 25. Qb3 Rb7 26. f4 d3 27. fxe5
Qxe5 28. Kf1 Bg4 29. Re1 Be2+ 30. Rexe2 dxe2+ 31. Rxe2 Qf6+ 32. Bf3 Rbc7 33.
Re4 Re7 34. Rxe7 Qxe7 35. Qc3 h5 36. Kf2 f5 37. Be2 Kf7 38. Qe3 Qf6 39. Qxa7+
Kf8 40. Qe3 Re8 41. Qd3 Re4 42. c5 dxc5 43. bxc5 Qe5 44. Bf3 Qb2+ 45. Kf1 Qc1+
46. Kg2 Rc4 47. c6 Qb2+ 48. Be2 Rc3 49. Qb5 Qxa3 50. c7 Qe7 51. d6 Qe4+ 52. Kg1
Rc1+ 53. Kf2 Qd4+ 54. Kg2 Rg1+ 55. Kh3 g5 1-0